000 00451nam a2200193Ia 4500
001 13087
003 GE_BSU
008 181216s||||||||xx |||||||||||||| ||und||
040 _cGE_BSU
080 _a821.111-3
100 _aBromfield,Louis.
245 4 _aThe Rains Came.
245 2 _bA novel of modern India.
260 _aLondon.
260 _bCassell.
300 _a578p;20cm.
653 _aThe Rains Came:A novel of modern India.
942 _cBK
999 _c46254
_d46254